000 01050nam a2200265 i 4500
001 180316
003 ES-MaACL
005 20231227062545.0
008 120528s2009 sp | |||||||| | spa d ..|
015 _aMON1006
020 _a978-84-96452-71-8
080 _a821.134.2-82"19"
100 1 _aJiménez, Juan Ramón,
_d1881-1958
_966417
245 1 0 _aProsa lírica.
_nI /
_cJuan Ramón Jiménez ; edición de Javier Blasco y Teresa Gómez Trueba.
260 _aMadrid :
_bFundación José Antonio Castro,
_c2009.
300 _aXLVII, 725 p. ;
_c23 cm.
490 1 _aBiblioteca Castro
500 _aEn 2 v.
505 8 _aContiene: Baladas para después ; Platero y yo ; Entes y sombras de mi infancia. Un león andaluz. Soledades madrileñas. Olvidos de Granada. Isla de la simpatía. Viajes y sueños. Ala compasiva. Cuentos largos. Espacio
700 1 _aBlasco Pascual, Francisco J.
_929398
700 1 _aGómez Trueba, Teresa.
_958173
830 0 _aBiblioteca Castro
_9178957
852 _aES-MaACL
_jL-29894
999 _c180316
_d180316